|
|
|
|
| LEADER |
01156cam a22003251a 4500 |
| 001 |
000036165 |
| 003 |
12458 |
| 005 |
20160407000000.0 |
| 008 |
160328s2005 vm 000 vie |
| 041 |
|
|
|a vie
|
| 082 |
|
|
|a 101
|b NG-U
|
| 100 |
|
|
|a Nguyễn Quang Uẩn
|
| 245 |
|
|
|a Tâm lý học đại cương
|c Nguyễn Quang Uẩn, Nguyễn Văn Lũy, Đinh Văn Lang
|
| 260 |
|
|
|a Đại học Sư phạm
|c 2005
|
| 300 |
|
|
|a 230tr, mh, 20cm
|
| 650 |
|
|
|a Tâm lý học đại cương, Nguyễn Quang Uẩn, Nguyễn Văn Lũy, Đinh Văn Lang
|
| 852 |
|
|
|b Chuyên đề
|c Sách tham khảo
|
| OWN |
|
|
|a LNN
|
| AVA |
|
|
|a UDN50
|b LNN
|d 101 NG-U
|e available
|t Error 5001 Not defined in file expand_doc_bib_avail.
|f 1
|g 0
|h N
|i 1
|k 1
|
| 999 |
|
|
|a From the UDN01
|
| AVA |
|
|
|a UDN50
|b LNN
|d 101 NG-U
|e available
|t Error 5001 Not defined in file expand_doc_bib_avail.
|f 1
|g 0
|h N
|i 1
|k 1
|
| TYP |
|
|
|a Monograph
|
| TYP |
|
|
|a Printed language
|
| 980 |
|
|
|a Mạng thư viện Đại học Đà Nẵng
|